Vi nhân giống cây mai vàng : Luận văn thạc sĩ. Chuyên ngành Trồng trọt

Đề tài được thực hiện với mục tiêu tìm nồng độ NaOCl và thời gian thích hợp cho giai đoạn khử trùng; nồng độ các chất điều hòa sinh trưởng (TDZ, BA, NAA, IBA), loại đường và nồng độ khoáng đa lượng MS thích hợp cho nhân chồi, tạo rễ in...

Cijeli opis

Spremljeno u:
Bibliografski detalji
Glavni autor: Mai, Vũ Duy
Format: Knjiga
Jezik:Undetermined
Izdano: Cần Thơ Trường Đại học Cần Thơ 2012
Teme:
Oznake: Dodaj oznaku
Bez oznaka, Budi prvi tko označuje ovaj zapis!
Thư viện lưu trữ: Trung tâm Học liệu Trường Đại học Cần Thơ
LEADER 01198nam a2200229Ia 4500
001 CTU_178450
008 210402s9999 xx 000 0 und d
082 |a 635.9 
082 |b D523 
088 |a 606201 
100 |a Mai, Vũ Duy 
245 0 |a Vi nhân giống cây mai vàng : 
245 0 |b Luận văn thạc sĩ. Chuyên ngành Trồng trọt 
245 0 |c Mai Vũ Duy ; Lâm Ngọc Phương (Hướng dẫn khoa học) 
260 |a Cần Thơ 
260 |b Trường Đại học Cần Thơ 
260 |c 2012 
520 |a Đề tài được thực hiện với mục tiêu tìm nồng độ NaOCl và thời gian thích hợp cho giai đoạn khử trùng; nồng độ các chất điều hòa sinh trưởng (TDZ, BA, NAA, IBA), loại đường và nồng độ khoáng đa lượng MS thích hợp cho nhân chồi, tạo rễ in vitro và xác định giá thể thích hợp cho giai đoạn thuần dưỡng. 
650 |a Floriculture,Nhân giống mai vàng 
904 |i Thái 
910 |a Nguyên 
980 |a Trung tâm Học liệu Trường Đại học Cần Thơ